[Event "BCF-chT2d 1314 (4NCL)"]
[Site "England"]
[Date "2014.05.03"]
[Round "9.71"]
[White "Posazhennikov, Alex"]
[Black "Chapman, Terry PD"]
[Result "1/2-1/2"]
[WhiteElo "2250"]
[BlackElo "2296"]
[PlyCount "86"]
[EventDate "2013.11.16"]
[EventType "team-tourn"]
[EventRounds "11"]
[EventCountry "ENG"]
[SourceTitle "EXT 2015"]
[Source "ChessBase"]
[SourceDate "2014.11.20"]
[SourceVersion "1"]
[SourceVersionDate "2014.11.20"]
[SourceQuality "1"]
[WhiteTeam "Poisoned Pawns"]
[BlackTeam "Barbican Youth"]
[WhiteTeamCountry "ENG"]
[BlackTeamCountry "ENG"]

1. e4 c6 2. d4 d5 3. e5 c5 4. Bb5+ Nc6 5. c3 Qb6 6. a4 cxd4 7. cxd4 a6 8. Bxc6+ bxc6 9. a5 Qc7 10. Bd2 c5 11. Nc3 cxd4 12. Qa4+ Bd7 13. Qxd4 e6 14. Rc1 Qxa5 15. Nf3 Nh6 16. Bxh6 gxh6 17. 0-0 Rb8 18. Ra1 Qb6 19. Nxd5 exd5 20. e6 Qxd4 21. exd7+ Kxd7 22. Nxd4 Bc5 23. Nf3 Rhe8 24. Ra5 Rb5 25. Rxa6 Bb6 26. Rd1 Rxb2 27. Rxd5+ Kc6 28. Rd1 Kb7 29. Raa1 Rxf2 30. Kh1 Ree2 31. Rd7+ Kc6 32. Rxf7 Rxg2 33. Rf6+ Kc5 34. Rf5+ Kc4 35. Rc1+ Rc2 36. Rxc2+ Rxc2 37. Rf6 Be3 38. Rc6+ Kb3 39. Rxc2 Kxc2 40. Ne5 Bf4 41. Nd7 Kd3 42. h3 Kd4 43. Kg2 Kd5 1/2-1/2

[Event "Leicester Atkins Memorial"]
[Site "Leicester"]
[Date "2013.11.29"]
[Round "1"]
[White "Posazhennikov, Alex"]
[Black "Prior, Stephen"]
[Result "1-0"]
[WhiteElo "2259"]
[BlackElo "2019"]
[PlyCount "69"]
[EventDate "2013.11.29"]
[EventType "swiss"]
[EventRounds "5"]
[EventCountry "ENG"]
[SourceTitle "EXT 2023"]
[Source "ChessBase"]
[SourceDate "2022.10.05"]
[SourceVersion "1"]
[SourceVersionDate "2022.10.05"]
[SourceQuality "1"]

1. d4 d5 2. c4 c6 3. Nf3 Nf6 4. Nc3 a6 5. e3 b5 6. c5 Bg4 7. Be2 Nbd7 8. b4 Bxf3 9. gxf3 e5 10. Bb2 Qc7 11. a4 Rb8 12. axb5 axb5 13. e4 Be7 14. exd5 Nxd5 15. Nxd5 cxd5 16. dxe5 Nxe5 17. Qxd5 Bf6 18. f4 Nd3+ 19. Qxd3 Bxb2 20. Qe4+ Kf8 21. Ra8 Bc3+ 22. Kf1 Qd8 23. Rxb8 Qxb8 24. Kg2 g5 25. fxg5 h6 26. h4 hxg5 27. hxg5 Rxh1 28. Kxh1 Bd2 29. g6 fxg6 30. Kg2 Qe8 31. Qf3+ Qf7 32. Qd3 Bxb4 33. c6 Be1 34. Bf3 Qa2 35. Qd6+ 1-0

[Event "BCF-chT2a 1314 (4NCL)"]
[Site "England"]
[Date "2013.11.16"]
[Round "1.41"]
[White "Posazhennikov, Alex"]
[Black "Merry, Alan B"]
[Result "1-0"]
[WhiteElo "2259"]
[BlackElo "2297"]
[PlyCount "57"]
[EventDate "2013.11.16"]
[EventType "team-swiss"]
[EventRounds "11"]
[EventCountry "ENG"]
[SourceTitle "CBM 157 Extra"]
[Source "ChessBase"]
[SourceDate "2013.12.19"]
[SourceVersion "1"]
[SourceVersionDate "2013.12.19"]
[SourceQuality "1"]
[WhiteTeam "Poisoned Pawns"]
[BlackTeam "Anglian Avengers"]
[WhiteTeamCountry "ENG"]
[BlackTeamCountry "ENG"]

1. e4 e6 2. d4 d5 3. Nc3 Bb4 4. e5 Ne7 5. a3 Bxc3+ 6. bxc3 b6 7. Bd3 Ba6 8. Ne2 0-0 9. Ng3 c5 10. Bxa6 Nxa6 11. Qg4 Kh8 12. Bg5 Qd7 13. Nh5 Nf5 14. Qh3 Rg8 15. g4 Ne7 16. Qf3 Ng6 17. h4 cxd4 18. cxd4 Qb5 19. Bf6 h6 20. Nxg7 Rxg7 21. h5 Nf8 22. g5 Kh7 23. Bxg7 f5 24. gxf6 Qb2 25. Qd3+ Kg8 26. Bxf8 Kxf8 27. Qh7 Qxa1+ 28. Ke2 Qxa3 29. Rg1 1-0

[Event "BCF-chT2 1011 (4NCL)"]
[Site "England"]
[Date "2011.04.30"]
[Round "9.41"]
[White "Posazhennikov, Alex"]
[Black "Galego, Luis"]
[Result "1/2-1/2"]
[WhiteElo "2233"]
[BlackElo "2500"]
[PlyCount "88"]
[EventDate "2010.11.06"]
[EventType "team-swiss"]
[EventRounds "11"]
[EventCountry "ENG"]
[SourceTitle "EXT 2012"]
[Source "ChessBase"]
[SourceDate "2011.11.24"]
[SourceVersion "1"]
[SourceVersionDate "2011.11.24"]
[SourceQuality "1"]
[WhiteTeam "Poisoned Pawns"]
[BlackTeam "Jutes of Kent"]
[WhiteTeamCountry "ENG"]
[BlackTeamCountry "ENG"]

1. d4 Nf6 2. c4 d6 3. Nf3 Bg4 4. e3 Nbd7 5. h3 Bh5 6. Be2 e5 7. Nc3 Be7 8. 0-0 0-0 9. Qc2 c6 10. b3 Re8 11. dxe5 dxe5 12. Nh4 Bxe2 13. Nxe2 a5 14. Nf5 Bf8 15. e4 Nc5 16. Rd1 Qc7 17. Nfg3 Ne6 18. Be3 a4 19. Rab1 axb3 20. axb3 Qa5 21. Nc1 Red8 22. Nd3 Nd4 23. Bxd4 Rxd4 24. b4 Qc7 25. Ne1 Rxd1 26. Qxd1 g6 27. Qc2 Ne8 28. c5 Ng7 29. Nf3 Ne6 30. Nf1 Nd4 31. Nxd4 exd4 32. Qd3 Bg7 33. Nd2 b6 34. cxb6 Qxb6 35. b5 cxb5 36. Rxb5 Qc7 37. g3 h5 38. Kg2 Ra1 39. Nc4 Rc1 40. Nb6 Rc3 41. Nd5 Rxd3 42. Nxc7 Rd1 43. Ne8 d3 44. Nxg7 Kxg7 1/2-1/2

[Event "BCF-chT1b 0910 (4NCL)"]
[Site "England"]
[Date "2010.03.27"]
[Round "7.3"]
[White "Povah, Nigel Edward"]
[Black "Posazhennikov, Alex"]
[Result "1-0"]
[WhiteElo "2336"]
[BlackElo "2252"]
[PlyCount "89"]
[EventDate "2009.10.24"]
[EventType "team-tourn"]
[EventRounds "7"]
[EventCountry "ENG"]
[SourceTitle "EXT 2011"]
[Source "ChessBase"]
[SourceDate "2010.11.26"]
[SourceVersion "1"]
[SourceVersionDate "2010.11.26"]
[SourceQuality "1"]
[WhiteTeam "Guildford"]
[BlackTeam "Poisoned Pawns"]
[WhiteTeamCountry "ENG"]
[BlackTeamCountry "ENG"]

1. d4 f5 2. Bg5 h6 3. Bh4 g5 4. Bg3 Bg7 5. e3 Nf6 6. Bd3 d6 7. c3 e6 8. Nd2 Qe7 9. h4 e5 10. hxg5 hxg5 11. Rxh8+ Bxh8 12. dxe5 dxe5 13. f3 Nc6 14. Qc2 e4 15. fxe4 Ng4 16. Nf1 Bd7 17. exf5 0-0-0 18. Qe2 Nce5 19. Bc2 Qc5 20. 0-0-0 Nc4 21. Qxg4 Bxc3 22. Rd3 Bxb2+ 23. Kd1 Bf6 24. Ke2 Re8 25. Bb3 Nd6 26. Bxd6 cxd6 27. Qc4 Bb5 28. Qf7 Bxd3+ 29. Kxd3 Rd8 30. Qxf6 a5 31. Qc3 b5 32. Bd5 Kd7 33. Qxc5 dxc5 34. g4 Kd6 35. e4 Ke5 36. Ke3 c4 37. Nf3+ Kd6 38. Kd4 Rc8 39. e5+ Ke7 40. Ne3 c3 41. Nc2 b4 42. f6+ Ke8 43. e6 a4 44. Ne5 b3 45. e7 1-0

[Event "BCF-chT1b 0910 (4NCL)"]
[Site "England"]
[Date "2010.02.21"]
[Round "6.2"]
[White "Posazhennikov, Alex"]
[Black "Slavin, Alexei"]
[Result "0-1"]
[WhiteElo "2252"]
[BlackElo "2368"]
[PlyCount "138"]
[EventDate "2009.10.24"]
[EventType "team-tourn"]
[EventRounds "7"]
[EventCountry "ENG"]
[SourceTitle "EXT 2011"]
[Source "ChessBase"]
[SourceDate "2010.11.26"]
[SourceVersion "1"]
[SourceVersionDate "2010.11.26"]
[SourceQuality "1"]
[WhiteTeam "Poisoned Pawns"]
[BlackTeam "Pandoras Box"]
[WhiteTeamCountry "ENG"]
[BlackTeamCountry "ENG"]

1. d4 Nf6 2. Nc3 d5 3. Bg5 Nbd7 4. f3 c5 5. e4 cxd4 6. Qxd4 e5 7. Qa4 d4 8. Nd5 Be7 9. Bxf6 Bxf6 10. Bb5 0-0 11. Nxf6+ Nxf6 12. Ne2 Qb6 13. Bd3 Qxb2 14. 0-0 Qb6 15. Rab1 Qc7 16. Qb4 b6 17. c3 dxc3 18. Rfc1 Be6 19. Rxc3 Qd8 20. a4 Nd7 21. a5 bxa5 22. Qa3 Rb8 23. Rcc1 Rxb1 24. Rxb1 Nb6 25. Rd1 Nc4 26. Qa1 a4 27. Bxc4 Qb6+ 28. Kh1 Bxc4 29. Nc3 Bb3 30. Rb1 Qd4 31. Nd5 Qxa1 32. Rxa1 Rd8 33. Kg1 Bxd5 34. exd5 Rxd5 35. Rxa4 a5 36. Kf2 Kf8 37. Ke3 Ke7 38. Rc4 Kd7 39. f4 exf4+ 40. Rxf4 f5 41. Rc4 Rb5 42. Rd4+ Kc7 43. h4 Rb3+ 44. Kf2 Rb4 45. Rd5 Rxh4 46. Rxa5 g6 47. Rd5 Rg4 48. Rd2 Kc6 49. Rd8 h5 50. Rd2 Kc5 51. Rd8 h4 52. Rd2 Rd4 53. Ra2 Kd5 54. Ra6 Rg4 55. Ra3 Ke5 56. Ra5+ Kf6 57. Ra3 Kg5 58. Rb3 Rf4+ 59. Kg1 Kg4 60. Ra3 g5 61. Rb3 Re4 62. Kf2 f4 63. Ra3 Re3 64. Ra4 h3 65. Ra8 hxg2 66. Kxg2 Re2+ 67. Kf1 Rb2 68. Ra3 f3 69. Ra5 Kf4 0-1

[Event "BCF-chT2c 0809 (4NCL) Promotion pool"]
[Site "Hinckley Island"]
[Date "2009.05.03"]
[Round "11.2"]
[White "Posazhennikov, Alex"]
[Black "Hynes, Anthony"]
[Result "1/2-1/2"]
[WhiteElo "2249"]
[BlackElo "2242"]
[PlyCount "125"]
[EventDate "2008.10.04"]
[EventType "team-tourn"]
[EventRounds "4"]
[EventCountry "ENG"]
[SourceTitle "EXT 2010"]
[Source "ChessBase"]
[SourceDate "2010.11.25"]
[SourceVersion "1"]
[SourceVersionDate "2010.11.25"]
[SourceQuality "1"]
[WhiteTeam "Poisoned Pawns"]
[BlackTeam "Warwicks Select"]
[WhiteTeamCountry "ENG"]
[BlackTeamCountry "ENG"]

1. e4 e5 2. Nf3 Nc6 3. Bb5 f5 4. d3 fxe4 5. dxe4 Nf6 6. Bg5 Bc5 7. Qd3 Qe7 8. Nc3 Nb4 9. Qe2 c6 10. Bc4 b5 11. Bb3 a5 12. a4 bxa4 13. Nxa4 Ba7 14. 0-0 h6 15. Nh4 Ba6 16. c4 hxg5 17. Ng6 Qe6 18. Nxh8 Ke7 19. Ng6+ Kf7 20. Nxe5+ Qxe5 21. c5+ Kg6 22. Bc4 Bxc4 23. Qxc4 Rh8 24. g3 d5 25. exd5 cxd5 26. Qb5 Qe6 27. h4 gxh4 28. Ra3 Qh3 29. Qe2 Bb8 30. f4 hxg3 31. Qg2 Qxg2+ 32. Kxg2 Ne4 33. Rh1 Rxh1 34. Kxh1 Bxf4 35. Nb6 d4 36. Rxa5 d3 37. Nc4 d2 38. Nxd2 Nxd2 39. Ra4 Nd5 40. Rd4 Kg5 41. Rxd5+ Kg4 42. Rd3 Ne4 43. Kg2 Nxc5 44. Rc3 Ne6 45. Rc6 Kf5 46. b4 Nd4 47. Rc4 Ke5 48. Rc5+ Kd6 49. Rc4 Be5 50. Rc3 Ne2 51. Rd3+ Kc6 52. Re3 Nf4+ 53. Kxg3 Bd6 54. Kg4 Nd5 55. Re2 Bxb4 56. Kf5 Bc3 57. Ra2 Ne7+ 58. Ke6 Nc8 59. Rc2 Kc7 60. Rxc3+ Kd8 61. Rg3 Kc7 62. Rc3+ Kd8 63. Rg3 1/2-1/2

[Event "BCF-chT2a 0809 (4NCL)"]
[Site "Hinckley Island"]
[Date "2009.03.21"]
[Round "7.2"]
[White "Posazhennikov, Alex"]
[Black "Richmond, Peter A"]
[Result "0-1"]
[WhiteElo "2253"]
[BlackElo "2253"]
[PlyCount "128"]
[EventDate "2008.10.04"]
[EventType "team-tourn"]
[EventRounds "7"]
[EventCountry "ENG"]
[SourceTitle "EXT 2010"]
[Source "ChessBase"]
[SourceDate "2010.11.25"]
[SourceVersion "1"]
[SourceVersionDate "2010.11.25"]
[SourceQuality "1"]
[WhiteTeam "Poisoned Pawns"]
[BlackTeam "Brown Jack"]
[WhiteTeamCountry "ENG"]
[BlackTeamCountry "ENG"]

1. d4 d5 2. c4 e5 3. dxe5 d4 4. Nf3 Nc6 5. g3 Nge7 6. Bg2 Ng6 7. Bg5 Qd7 8. 0-0 h6 9. Bc1 Ngxe5 10. Qa4 Nxf3+ 11. Bxf3 Be7 12. Rd1 0-0 13. Nc3 Rd8 14. Nd5 Bd6 15. Bxh6 Ne5 16. Qxd7 Rxd7 17. Bf4 Nxf3+ 18. exf3 Bxf4 19. Nxf4 c5 20. Nd3 b6 21. Re1 Kf8 22. Kg2 Ba6 23. b3 Re8 24. Rxe8+ Kxe8 25. g4 Ke7 26. h4 Kd6 27. a4 Bc8 28. a5 Re7 29. Nf4 b5 30. cxb5 Rb7 31. b6 axb6 32. axb6 Rxb6 33. Ra8 Bb7 34. Ra3 Ra6 35. Rxa6+ Bxa6 36. Nh5 Ke5 37. Ng3 Bd3 38. Nf1 Kf4 39. Nd2 Be2 40. g5 g6 41. Kg1 Bxf3 42. Kf1 Bd1 43. Ke1 Bc2 44. Ke2 Kg4 45. Ke1 Kxh4 46. b4 cxb4 47. Nf3+ Kg4 48. Nxd4 b3 49. Kd2 Kxg5 50. Nb5 Kf4 51. Nd6 f5 52. Nc4 g5 53. Ke2 g4 54. Nb2 Ke4 55. Na4 Kd4 56. Kd2 f4 57. Nc3 Bd3 58. Nd1 g3 59. fxg3 fxg3 60. Ke1 Be4 61. Ke2 Bc6 62. Ne3 Kc3 63. Nd1+ Kc2 64. Ke1 g2 0-1

[Event "BCF-chT2 0708 (4NCL)"]
[Site "Sunningdale"]
[Date "2007.11.10"]
[Round "3.2"]
[White "Posazhennikov, Alex"]
[Black "Summerscale, Aaron"]
[Result "1/2-1/2"]
[WhiteElo "2226"]
[BlackElo "2478"]
[PlyCount "90"]
[EventDate "2007.09.15"]
[EventType "team-tourn"]
[EventRounds "11"]
[EventCountry "ENG"]
[SourceTitle "EXT 2023"]
[Source "ChessBase"]
[SourceDate "2022.10.05"]
[SourceVersion "1"]
[SourceVersionDate "2022.10.05"]
[SourceQuality "1"]
[WhiteTeam "Poisoned Pawns"]
[BlackTeam "Pride and Prejudice"]
[WhiteTeamCountry "ENG"]
[BlackTeamCountry "ENG"]

1. d4 d6 2. c4 e5 3. Nf3 e4 4. Ng5 f5 5. g3 Be7 6. h4 Nf6 7. Nc3 c6 8. Qb3 Na6 9. Bd2 0-0 10. Nh3 Nc7 11. Nf4 Rb8 12. e3 Bd7 13. Be2 Be8 14. a4 Bf7 15. Qc2 Ne6 16. Nh3 d5 17. Qb3 g6 18. cxd5 cxd5 19. Nf4 Nxf4 20. exf4 Ne8 21. Nd1 Ng7 22. Ne3 Qd6 23. Nc2 Ne6 24. Rd1 Rfc8 25. Bc3 Qd8 26. Ne3 Ng7 27. Kf1 Bf6 28. a5 Kh8 29. Qb5 Ne8 30. Qb4 Nd6 31. Qb3 Qd7 32. Kg2 Nc4 33. Bxc4 dxc4 34. Qc2 Bd5 35. Qe2 Be7 36. Ra1 Ra8 37. Qc2 b5 38. axb6 axb6 39. Qd2 Kg8 40. Rhc1 Bf6 41. Bb4 Rd8 42. Ra3 Rac8 43. Ra6 Bf7 44. Bc3 Rc6 45. d5 Bxd5 1/2-1/2

[Event "GBR-ch 94th"]
[Site "Great Yarmouth"]
[Date "2007.07.31"]
[Round "2"]
[White "Foord, Dominic"]
[Black "Posazhennikov, Alex"]
[Result "1-0"]
[WhiteElo "1950"]
[BlackElo "2247"]
[PlyCount "59"]
[EventDate "2007.07.30"]
[EventType "swiss"]
[EventRounds "11"]
[EventCountry "ENG"]
[SourceTitle "CBM 119 Extra"]
[Source "ChessBase"]
[SourceDate "2007.09.04"]
[SourceVersion "1"]
[SourceVersionDate "2007.09.04"]
[SourceQuality "1"]

1. d4 Nf6 2. c4 g6 3. Nc3 d5 4. h4 h5 5. Bg5 dxc4 6. e3 c6 7. Bxc4 b5 8. Bxb5 Qb6 9. Bc4 Qxb2 10. Nge2 Qb4 11. Bxf6 exf6 12. Qd3 Be7 13. Rb1 Qd6 14. Ne4 Qd8 15. Nf4 f5 16. Nd2 Nd7 17. Bxf7+ Kxf7 18. Qc4+ Ke8 19. Qxc6 Bf6 20. Qxa8 Qc7 21. Nd5 Qc2 22. Nxf6+ Nxf6 23. 0-0 Ke7 24. Rfc1 Qxd2 25. Rxc8 Re8 26. Rxe8+ Nxe8 27. Qb7+ Ke6 28. Qc8+ Kf7 29. Qd7+ Kf8 30. Rb8 1-0

[Event "BCF-chT2 0607 (4NCL)"]
[Site "Sunningdale"]
[Date "2007.05.05"]
[Round "9.61"]
[White "Posazhennikov, Alex"]
[Black "Mason, Donald"]
[Result "1/2-1/2"]
[WhiteElo "2240"]
[BlackElo "2252"]
[PlyCount "87"]
[EventDate "2006.09.16"]
[EventType "team-tourn"]
[EventRounds "11"]
[EventCountry "ENG"]
[SourceTitle "EXT 2008"]
[Source "ChessBase"]
[SourceDate "2007.11.25"]
[SourceVersion "1"]
[SourceVersionDate "2007.11.25"]
[SourceQuality "1"]
[WhiteTeam "Poisoned Pawns"]
[BlackTeam "Warwicks Select"]
[WhiteTeamCountry "ENG"]
[BlackTeamCountry "ENG"]

1. d4 Nf6 2. Nc3 d5 3. Bg5 Nbd7 4. f3 c6 5. e4 dxe4 6. fxe4 e5 7. dxe5 Qa5 8. Bxf6 gxf6 9. e6 fxe6 10. a3 Bg7 11. Qg4 0-0 12. 0-0-0 Ne5 13. Qg3 b5 14. Nf3 b4 15. Nxe5 bxc3 16. Nxc6 Qb6 17. Qxc3 Bb7 18. Ne7+ Kh8 19. Qh3 Bxe4 20. Bd3 f5 21. b4 Rf7 22. Ng6+ Kg8 23. Nf4 a5 24. Bxe4 fxe4 25. Nxe6 axb4 26. Nxg7 bxa3 27. Ne6 Qb2+ 28. Kd2 Rd7+ 29. Ke3 Qc3+ 30. Kf4 Rf7+ 31. Kxe4 Ra4+ 32. Rd4 Qxc2+ 33. Ke5 Ra5+ 34. Rd5 Qe2+ 35. Kd6 Ra6+ 36. Kc5 Qc2+ 37. Kd4 Ra4+ 38. Ke5 Qe2+ 39. Kd6 Ra6+ 40. Kc5 Qc2+ 41. Kd4 Ra4+ 42. Ke5 Qe2+ 43. Kd6 Qa6+ 44. Ke5 1/2-1/2

[Event "BCF-chT2 0607 (4NCL)"]
[Site "Sunningdale"]
[Date "2007.01.13"]
[Round "5.3"]
[White "Bigg, Andrew J"]
[Black "Posazhennikov, Alex"]
[Result "1/2-1/2"]
[WhiteElo "2238"]
[BlackElo "2232"]
[PlyCount "123"]
[EventDate "2006.09.16"]
[EventType "team-tourn"]
[EventRounds "11"]
[EventCountry "ENG"]
[SourceTitle "EXT 2008"]
[Source "ChessBase"]
[SourceDate "2007.11.25"]
[SourceVersion "1"]
[SourceVersionDate "2007.11.25"]
[SourceQuality "1"]
[WhiteTeam "Barbican Youth"]
[BlackTeam "Poisoned Pawns"]
[WhiteTeamCountry "ENG"]
[BlackTeamCountry "ENG"]

1. d4 d5 2. Nf3 e6 3. c4 c6 4. Nc3 dxc4 5. Bg5 f6 6. Bf4 Bb4 7. e4 b5 8. Be2 Ne7 9. 0-0 Ng6 10. Bg3 0-0 11. a4 Bxc3 12. bxc3 Bb7 13. Qb1 Qd7 14. Rd1 a6 15. Ra2 f5 16. exf5 exf5 17. Ne5 Nxe5 18. dxe5 Qe7 19. f4 Nd7 20. Bxc4+ Kh8 21. Bf2 Rab8 22. Bd3 g6 23. Rad2 Bc8 24. Bc2 bxa4 25. Qa2 Nb6 26. Bxa4 Be6 27. Bb3 Nd5 28. Bxd5 Bxd5 29. c4 Be6 30. Qxa6 Qb7 31. Qxb7 Rxb7 32. Rd6 Bxc4 33. Rxc6 Bb3 34. Rb1 Bd5 35. Rxb7 Bxc6 36. Rc7 Bd5 37. Rd7 Be6 38. Re7 Rc8 39. Bh4 Rc6 40. Bf6+ Kg8 41. Rg7+ Kf8 42. Rxh7 Rc2 43. Rh8+ Kf7 44. Rd8 Rc4 45. Bg5 Rc2 46. Rd6 Ra2 47. h3 Rc2 48. Kh2 Rc3 49. Rd2 Rb3 50. g3 Rb5 51. Kg2 Bd5+ 52. Kf2 Be6 53. Rc2 Rb7 54. Bh4 Bd5 55. Ke3 Ke6 56. Kd4 Rb4+ 57. Kc5 Rb7 58. Rd2 Rc7+ 59. Kd4 Rc4+ 60. Kd3 Rb4 61. Rd1 Rb1 62. Rxb1 1/2-1/2

[Event "BCF-chT2 0607 (4NCL)"]
[Site "Sunningdale"]
[Date "2006.09.17"]
[Round "2.2"]
[White "Posazhennikov, Alex"]
[Black "Richardson, Keith Bevan"]
[Result "1-0"]
[WhiteElo "2228"]
[BlackElo "2273"]
[PlyCount "113"]
[EventDate "2006.09.16"]
[EventType "team-tourn"]
[EventRounds "11"]
[EventCountry "ENG"]
[SourceTitle "CBM 115 Extra"]
[Source "ChessBase"]
[SourceDate "2007.01.10"]
[SourceVersion "1"]
[SourceVersionDate "2007.01.10"]
[SourceQuality "1"]
[WhiteTeam "Poisoned Pawns"]
[BlackTeam "Guildford III"]
[WhiteTeamCountry "ENG"]
[BlackTeamCountry "ENG"]

1. e4 g6 2. d4 Bg7 3. Nc3 d6 4. Be2 Nc6 5. Nf3 Nf6 6. Bf4 0-0 7. Qd2 Bg4 8. d5 Nb8 9. Bh6 c6 10. Bxg7 Kxg7 11. h3 Bxf3 12. Bxf3 Nbd7 13. 0-0-0 Qb6 14. Rdf1 Rac8 15. Be2 cxd5 16. Nxd5 Nxd5 17. exd5 Nf6 18. Bf3 Rc4 19. Kb1 Rfc8 20. Rc1 e5 21. dxe6 fxe6 22. Rhe1 e5 23. Re3 e4 24. Rb3 Qc6 25. Be2 Rc5 26. c3 b6 27. Rb4 a5 28. Rd4 d5 29. g4 b5 30. g5 Ng8 31. Bg4 Rf8 32. Rd1 Ne7 33. f3 exf3 34. Rf4 Nf5 35. Bxf5 Rxf5 36. Rxf5 gxf5 37. Rf1 Kg6 38. Rxf3 d4 39. cxd4 Qxf3 40. dxc5 Qh1+ 41. Qc1 Qe4+ 42. Ka1 Qc6 43. a3 a4 44. h4 Kh5 45. g6 Kxg6 46. Qg5+ Kf7 47. Qxf5+ Ke8 48. h5 h6 49. Ka2 Kd8 50. Kb1 Qh1+ 51. Kc2 Qg2+ 52. Kb1 Qg1+ 53. Kc2 Qg2+ 54. Kc3 Qg7+ 55. Kb4 Qxb2+ 56. Ka5 Qc3+ 57. Kxb5 1-0

[Event "BCF-chT3 0506 (4NCL)"]
[Site "Birmingham"]
[Date "2006.04.30"]
[Round "10.2"]
[White "Khantuev, Alexander"]
[Black "Posazhennikov, Alex"]
[Result "1/2-1/2"]
[WhiteElo "2286"]
[BlackElo "2235"]
[PlyCount "86"]
[EventDate "2005.10.22"]
[EventType "team-tourn"]
[EventRounds "11"]
[EventCountry "ENG"]
[SourceTitle "EXT 2007"]
[Source "ChessBase"]
[SourceDate "2006.11.23"]
[SourceVersion "1"]
[SourceVersionDate "2006.11.23"]
[SourceQuality "1"]
[WhiteTeam "Kings Head"]
[BlackTeam "Poisoned Pawns"]
[WhiteTeamCountry "ENG"]
[BlackTeamCountry "ENG"]

1. e4 e5 2. Nf3 Nc6 3. d4 exd4 4. Nxd4 Nf6 5. Nxc6 bxc6 6. e5 Qe7 7. Qe2 Nd5 8. c4 Ba6 9. b3 0-0-0 10. Bb2 f6 11. Qe4 Nb6 12. f4 Kb8 13. Nd2 d5 14. cxd5 cxd5 15. exf6 Qxe4+ 16. Nxe4 Bxf1 17. Kxf1 dxe4 18. fxg7 Bxg7 19. Bxg7 Rhg8 20. Bc3 Rd3 21. Ba5 Nd5 22. g3 h5 23. Re1 h4 24. Rg1 hxg3 25. Rxg3 Rgxg3 26. hxg3 Rxg3 27. Rxe4 Rf3+ 28. Ke2 Rxf4 29. Re5 c6 30. Be1 Kb7 31. Kd3 Rg4 32. Re4 Rg2 33. a4 Rb2 34. Kc4 Rc2+ 35. Kd3 Rc1 36. Bd2 Rb1 37. Kc2 Rh1 38. Rg4 Rh7 39. b4 Nb6 40. Kb3 Rh3+ 41. Bc3 Nd5 42. Rc4 Nb6 43. Rc5 Nd5 1/2-1/2

[Event "BCF-chT3 0506 (4NCL)"]
[Site "Birmingham"]
[Date "2005.11.19"]
[Round "3.3"]
[White "Collier, David"]
[Black "Posazhennikov, Alex"]
[Result "1-0"]
[WhiteElo "2122"]
[BlackElo "2235"]
[PlyCount "103"]
[EventDate "2005.10.22"]
[EventType "team-tourn"]
[EventRounds "11"]
[EventCountry "ENG"]
[SourceTitle "EXT 2007"]
[Source "ChessBase"]
[SourceDate "2006.11.23"]
[SourceVersion "1"]
[SourceVersionDate "2006.11.23"]
[SourceQuality "1"]
[WhiteTeam "Bristol II"]
[BlackTeam "Poisoned Pawns"]
[WhiteTeamCountry "ENG"]
[BlackTeamCountry "ENG"]

1. d4 Nf6 2. Bg5 Ne4 3. Bf4 d5 4. f3 Nd6 5. e3 e6 6. Nd2 Be7 7. Bd3 Bh4+ 8. Bg3 Nf5 9. Bxf5 exf5 10. Qe2 0-0 11. Bxh4 Qxh4+ 12. g3 Qe7 13. 0-0-0 Re8 14. Re1 c5 15. dxc5 Qxc5 16. Nb3 Qb6 17. Qd2 Nc6 18. Nh3 Be6 19. Nd4 Ne5 20. b3 a5 21. a4 Qc5 22. Nf4 b5 23. axb5 a4 24. Nd3 Nxd3+ 25. Qxd3 axb3 26. Qxb3 Ra3 27. Qb2 Rea8 28. Kd2 Qb6 29. Rb1 Bd7 30. Ke2 R3a4 31. Kf2 h5 32. h4 Rb8 33. Ra1 Rc4 34. Rhb1 Qf6 35. Ra6 Rb6 36. Rxb6 Qxb6 37. Ra1 Bc8 38. Ra8 Kh7 39. Qa3 f4 40. gxf4 Qf6 41. Qd3+ g6 42. Kg3 Qd6 43. Ra7 Rc7 44. Qa3 Qd7 45. Rxc7 Qxc7 46. Qf8 Qd7 47. f5 Qc7+ 48. f4 Bxf5 49. Nf3 g5 50. Nxg5+ Kg6 51. b6 Qxb6 52. Qg8+ 1-0

[Event "BCF-chT3 0405 (4NCL)"]
[Site "Telford"]
[Date "2005.01.15"]
[Round "3.1"]
[White "Posazhennikov, Alex"]
[Black "Bilalic, Merim"]
[Result "0-1"]
[WhiteElo "2256"]
[BlackElo "2292"]
[PlyCount "158"]
[EventDate "2004.11.06"]
[EventType "team-tourn"]
[EventRounds "11"]
[EventCountry "ENG"]
[SourceTitle "EXT 2006"]
[Source "ChessBase"]
[SourceDate "2005.11.24"]
[SourceVersion "1"]
[SourceVersionDate "2005.11.24"]
[SourceQuality "1"]
[WhiteTeam "Poisoned Pawns"]
[BlackTeam "Oxford"]
[WhiteTeamCountry "ENG"]
[BlackTeamCountry "ENG"]

1. e4 Nc6 2. d4 d5 3. e5 Bf5 4. g4 Be4 5. f3 Bg6 6. Ne2 e6 7. Ng3 Qh4 8. Be3 h5 9. gxh5 Bxh5 10. c3 Nge7 11. Bf2 Qf4 12. Qd2 Qxd2+ 13. Nxd2 Bg6 14. 0-0-0 Nf5 15. Nxf5 Bxf5 16. h4 Be7 17. Be2 0-0-0 18. f4 Rh7 19. h5 Rdh8 20. Bf3 g6 21. hxg6 Bxg6 22. Rxh7 Rxh7 23. Rh1 Rxh1+ 24. Bxh1 b5 25. Bf3 Kd7 26. Bg4 Bd3 27. Nf3 b4 28. Ne1 Be4 29. Nc2 bxc3 30. bxc3 Na5 31. Ne3 c6 32. Kb2 c5 33. Be2 Nc6 34. Nc2 c4 35. Ne3 a6 36. Bh5 Ke8 37. Bg4 Na7 38. a4 Nc6 39. f5 Kd7 40. fxe6+ fxe6 41. Nf1 Bg6 42. Ne3 Be4 43. Nf1 Nd8 44. Ng3 Bg6 45. Be3 Kc7 46. Bh6 Be8 47. Bd1 Kd7 48. Bg7 Nc6 49. Bg4 Bg5 50. Bf8 Be3 51. Bg7 Bg6 52. Bf6 Nxd4 53. cxd4 Bxd4+ 54. Kc1 Be3+ 55. Kb2 d4 56. Ne2 a5 57. Bh4 d3 58. Nc3 Bd4 59. Bg3 Be4 60. Bh5 Bc6 61. Bd1 Kc7 62. Be1 Bxe5 63. Bg4 Kd6 64. Ka3 Bd4 65. Nb1 Bc5+ 66. Kb2 Bb4 67. Nc3 e5 68. Bg3 Bc5 69. Kc1 Be3+ 70. Kd1 Bd4 71. Kd2 Kc5 72. Bh4 Kb4 73. Be7+ Kb3 74. Bd1+ Kb2 75. Nb5 Bxb5 76. axb5 e4 77. Bg5 c3+ 78. Ke1 c2 79. Bd2 e3 0-1